Contemporary China

Guardat en:
Dades bibliogràfiques
Autor principal: Adams, Ruth
Format: Llibre
Idioma:Undetermined
Publicat: New York Vintage Books 1966
Matèries:
Etiquetes: Afegir etiqueta
Sense etiquetes, Sigues el primer a etiquetar aquest registre!
Thư viện lưu trữ: Trung tâm Học liệu Trường Đại học Cần Thơ
LEADER 00441nam a2200181Ia 4500
001 CTU_91462
008 210402s9999 xx 000 0 und d
082 |a 309.1 
082 |b A211 
100 |a Adams, Ruth 
245 0 |a Contemporary China 
245 0 |c Ruth Adams 
260 |a New York 
260 |b Vintage Books 
260 |c 1966 
650 |a China 
904 |i Tuyến 
980 |a Trung tâm Học liệu Trường Đại học Cần Thơ